00612nam a22002297a 4500003000500000005001700005008004100022010001000063011001000073035001000083040000900093082002100102100003300123245005400156260003000210300002300240490001500263500004000278650002300318650002600341830001500367CHAP20220329141223.0971010s1973 r 00010 d a64614 a65586 a72632 cCHAP04a591.5bA53Y 197000aAndrewartha, Herbert George.1 aIntroducción al estudio de poblaciones animales aMadrid :bAlhambra,c1973 a322 p.b: gráfs. aExedra, 84 aTrad. de: 2 ed. en Inglés de 197014aEcología animal.14aPoblaciones animales.0 aExedra, 84